Soccer Player Interesting Facts - Sudden Death - Statistics

General Stats
  • This quiz has been taken 144 times
  • The average score is 9 of 15
Answer Stats
Hint Answer % Correct
Only player to win 3 World Cup's Pele
90%
Had growth horomone deficiency Lionel Messi
82%
Born on an Island Cristiano Ronaldo
76%
Has a brother that plays for Borussia Dortmund Jude Bellingham
75%
First teenager to score a World Cup Final goal since Pele Kylian Mbappe
75%
Youngest player to ever score for the Spanish national team Lamine Yamal
75%
Scored 5 goals in 9 minutes Robert Lewandowski
72%
Has two black belts in Taekwondo Zlatan Ibrahimović
64%
Drives a used Mini Cooper N'Golo Kante
61%
Recieved votes for his countries presidency in 2018 Mohamed Salah
48%
After winning big at a casino, he gave a homeless man £1,000 Mario Balotelli
46%
When he was young, he was a part of the "Flow Kingz" rap group and released a song that got millions of views Erling Haaland
36%
Skipped the Ballon d'Or ceremony to play video games Neymar
34%
His mother threatened to divorce his father if he moved from Barcelona to AC Milan Xavi
34%
Attended Ronaldhino's birthday party at just 7 years old Raphina
24%
No matching quizzes found
Score Distribution
Percent of People with Each Score
Percentile by Number Answered
Your Score History
You have not taken this quiz